000
00251nam a2200097Ia 4500
005
20251222121410.0
008
251222s1900||||xx |||||||||||||| ||spa||
082
_a
DVD0070/O45/1978
245
0
_a
El árbol de los zuecos:L'albero degli zoccoli
942
_c
DVD
999
_c
2500
_d
2500